Vyprávěnky z Mašůvek /

Hlavní autor: Pechová, Eliška, 1929-
Další autoři: Adámek, Zdeněk, 1934-
Jazyk: Čeština
Vydáno: Hluboké Mašůvky : Obec Hluboké Mašůvky, 2013
Témata:
Fyzický popis: 176 stran : ilustrace ; 22 cm
Knihy
Uloženo v:
LEADER 01453nam a2200397 i 4500
001 nkc20152702004
003 CZ PrNK
005 20230815132332.0
007 ta
008 150522s2013 xr a g 000 f cze
015 |a cnb002702004 
020 |q (Brožováno) 
040 |a BOA001  |b cze  |e rda 
043 |a e-xr---  |b e-xr-jm  |2 czenas 
072 7 |a 94(430/439)  |x Dějiny zemí střední Evropy  |2 Konspekt  |9 8 
080 |a 94(437.322)  |2 MRF 
080 |a (0:82-3)  |2 MRF 
100 1 |a Pechová, Eliška,  |d 1929-  |7 ola200208745  |4 aut 
245 1 0 |a Vyprávěnky z Mašůvek /  |c Eliška Pechová, Zdeněk Adámek 
264 1 |a Hluboké Mašůvky :  |b Obec Hluboké Mašůvky,  |c 2013 
300 |a 176 stran :  |b ilustrace ;  |c 22 cm 
336 |a text  |b txt  |2 rdacontent 
337 |a bez média  |b n  |2 rdamedia 
338 |a svazek  |b nc  |2 rdacarrier 
500 |a 1000 výtisků 
651 7 |a Hluboké Mašůvky (Česko)  |7 ge129263  |x dějiny  |2 czenas 
651 9 |a Hluboké Mašůvky (Czechia)  |x history  |2 eczenas 
655 7 |a vyprávění  |7 fd133823  |2 czenas 
655 9 |a narrations  |2 eczenas 
700 1 |a Adámek, Zdeněk,  |d 1934-  |7 jo20010090046  |4 aut 
910 2 |a BOA001  |b 2-1346.903 
990 |a BK 
995 |a 60 
991 |b 201506  |c NOV  |e b 
996 6 |b 2610634253  |c 2-1346.903  |l MZK  |r Sklad / do 1 hodiny  |n 0  |p p.v.  |w 001507921  |u 000010  |a 1  |e BOA001  |j MZK50  |s P 
996 7 |b 2610634254  |c 2-1346.903  |l MZK  |r Sklad / do 1 hodiny  |n 2  |p p.v.  |w 001507921  |u 000020  |a 1  |e BOA001  |j MZK50  |s A